1736 1343 1277 1386 1327 1916 1665 1209 1581 1099 1043 1790 1951 1942 1254 1331 1902 1478 1135 1056 1260 1737 1598 1871 1025 1449 1182 1370 1537 1541 1234 1781 1547 1314 1122 1145 1342 1307 1828 1117 1148 1922 1805 1463 1603 1133 1877 1974 1172 1106 1659 1677 1133 1941 1162 1814 1625 1642 1026 1772 1109 1467 1819 1409 1728 1285 1767 1387 1946 1861 1386 1420 1409 1441 1166 1064 1117 1260 1972 1927 1185 1085 1173 1852 1800 1227 1386 1196 1709 1230 1851 1149 1827 1905 1079 1497 1042 1216 1053 BCNSPRNW ULIB Ver.6.0+V

เปลี่ยนเป็นภาษาไทย

Change to English
 แสดงรายละเอียดบรรณานุกรม
  กลับหน้าหลัก

Brief Record : Get Marc (ISO 2709) : E-mail record : QR code < ปิดหน้าต่าง
LEADER : 00000nam 2200000uu 4500
001    13399115201
003     ULIB
008    120727s2552||||th 000 0 tha d
020    ^a9786165000154
099    ^aนว^bซ116ท 2552
100 0  ^aซ่อนกลิ่น
245 0  ^aทรายเลื่อมมุก/^cซ่อนกลิ่น
260    ^aกรุงเทพฯ :^bพิมพ์คำ,^c2552
300    ^a390 หน้า ;^c18 ซม.
650  4 ^aนวนิยายไทย
945    ^p280^l0^i19158
995    ^aกัณชพร
999    ^aใช้งานได้ทุกระบบ
รายการนี้ยังไม่มีแท็ก
คุณยังไม่ได้ล็อกอิน คุณสามารถมีกิจกรรมร่วมกับเว็บไซต์ได้ แต่ต้องล็อกอินก่อน ::
  ล็อกอิน

รายการสื่อสารสนเทศ

ลำดับที่ ประเภท เลขเรียก/บาร์โค้ด สถานที่ สถานะ
1. นวนิยาย
นวนิยาย
นว ซ116ท 2552  
  Barcode: 19158
ห้องสมุดวิทยาเขตสวรรค์ประชารักษ์
►นวนิยาย
บนชั้น
  ขอยืม

รายการใกล้เคียง
    ผู้แต่ง [ซ่อนกลิ่น]

    หัวเรื่อง [นวนิยายไทย]

BibComment


ยังไม่เคยถูกคอมเมนท์

คอมเมนท์ทรัพยากรรายการนี้
  คอมเมนท์: ทรายเลื่อมมุก ซ่..


 Copyright 2026. Bcnsprnw @Library